| 000 | 01106nam a2200229Ia 4500 | ||
|---|---|---|---|
| 999 |
_c38073 _d38073 |
||
| 001 | 4059 | ||
| 003 | GE_BSU | ||
| 005 | 20191010110023.0 | ||
| 008 | 181216s1967||||ge |||||||||||||| ||geo|| | ||
| 040 | _cGE_BSU | ||
| 041 | _ageo | ||
| 080 | _a398(479.223)+39(479.223) ნ–89 | ||
| 100 |
_aნოღაიდელი, ჯემალ _9114 |
||
| 245 |
_aაჭარული ზეპირსიტყვიერებისა და ეთნოგრაფიის მასალები / _cი.მეგრელიძის რედ. და წინასიტყვაობით. |
||
| 264 |
_aთბ. : _bმეცნიერება, _c1967. |
||
| 300 |
_a91 გვ. ; _b21 სმ. |
||
| 653 | _aაჭარლების ეთნოგრაფია | ||
| 653 | _aაჭარული ზეპირსიტყვიერება | ||
| 700 |
_aმეგრელიძე, ი. _eრედაქტორი _91203 |
||
| 710 |
_aსაქ. მეცნ. აკად., ბათუმის სამეცნ.-კვლევ. ინ-ტი. _9117 |
||
| 942 |
_cBK _2udc |
||